Giáo trình lý thuyết bảo hiểm

Sách cung cấp những kiến thức cơ bản về lĩnh vực bảo hiểm cho không những sinh viên chuyên ngành bảo hiểm mà còn cung cấp những kiến thức cần thiết cho việc sử dụng bảo hiểm như một phương pháp chuyển giao rủi ro đối với các đơn vị, d...

Cur síos iomlán

Đã lưu trong:
Sonraí Bibleagrafaíochta
Príomhúdar: Võ, Thị Pha
Formáid: Leabhar
Teanga:Undetermined
Foilsithe: Hà Nội Tài chính 2005
Ábhair:
Clibeanna: Cuir Clib Leis
Gan Chlibeanna, Bí ar an gcéad duine leis an taifead seo a chlibeáil!
Thư viện lưu trữ: Trung tâm Học liệu Trường Đại học Cần Thơ
LEADER 00908nam a2200205Ia 4500
001 CTU_110398
008 210402s9999 xx 000 0 und d
020 |c 40000 
082 |a 368 
082 |b Ph100 
100 |a Võ, Thị Pha 
245 0 |a Giáo trình lý thuyết bảo hiểm 
245 0 |c Võ Thị Pha 
260 |a Hà Nội 
260 |b Tài chính 
260 |c 2005 
520 |a Sách cung cấp những kiến thức cơ bản về lĩnh vực bảo hiểm cho không những sinh viên chuyên ngành bảo hiểm mà còn cung cấp những kiến thức cần thiết cho việc sử dụng bảo hiểm như một phương pháp chuyển giao rủi ro đối với các đơn vị, doanh nghiệp. 
650 |a Insurance 
904 |i Tuyến 
980 |a Trung tâm Học liệu Trường Đại học Cần Thơ